The reshaping of West European party politics : agenda-setting and party competition in comparative perspective /

Bibliographic Details
Main Author: Green-Pedersen, Christoffer (Author)
Format: Book
Language:English
Published: Oxford : Oxford University Press, 2019.
Edition:First edition.
Series:Comparative politics (Oxford University Press)
Subjects:

MARC

Tag First Indicator Second Indicator Subfields
LEADER 00000cam a2200000 i 4500
001 in00004087708
005 20200117104915.0
008 190123s2019 enka b 001 0 eng d
010 |a  2019931800 
015 |a GBB9C1630  |2 bnb 
016 7 |a 019463270  |2 Uk 
020 |a 0198842899  |q hardback 
020 |a 9780198842897  |q hardback 
035 |a (OCoLC)on1078936346 
040 |a YDX  |b eng  |e rda  |c DLC  |d BDX  |d UKMGB  |d YDXIT  |d OCLCF  |d L2U  |d YDX  |d OCLCO  |d UtOrBLW 
042 |a lccopycat 
043 |a ew----- 
049 |a TXAM 
050 0 0 |a JN94.A979  |b G766 2019 
082 0 4 |a 324.24  |2 23 
100 1 |a Green-Pedersen, Christoffer,  |e author.  |0 http://id.loc.gov/authorities/names/nr2003003559 
245 1 4 |a The reshaping of West European party politics :  |b agenda-setting and party competition in comparative perspective /  |c Christoffer Green-Pedersen. 
250 |a First edition. 
264 1 |a Oxford :  |b Oxford University Press,  |c 2019. 
300 |a xiv, 216 pages :  |b illustrations ;  |c 24 cm. 
336 |a text  |b txt  |2 rdacontent 
336 |a still image  |b sti  |2 rdacontent 
337 |a unmediated  |b n  |2 rdamedia 
338 |a volume  |b nc  |2 rdacarrier 
490 1 |a Comparative politics 
504 |a Includes bibliographical references and index. 
650 0 |a Political parties  |z Europe, Western.  |0 http://id.loc.gov/authorities/subjects/sh2010107050 
651 0 |a Europe, Western  |x Politics and government.  |0 http://id.loc.gov/authorities/subjects/sh98008035 
650 7 |a Political parties.  |2 fast  |0 (OCoLC)fst01069410 
650 7 |a Politics and government.  |2 fast  |0 (OCoLC)fst01919741 
651 7 |a Europe, Western.  |2 fast  |0 (OCoLC)fst01272478 
650 7 |a 89.61 political parties.  |0 (NL-LeOCL)077609077  |2 nbc 
830 0 |a Comparative politics (Oxford University Press)  |0 http://id.loc.gov/authorities/names/no2001041570 
948 |a cataloged  |b h  |c 2019/10/30  |d c  |e ceaton  |f 3:14:53 pm 
994 |a C0  |b TXA 
999 f f |s 6afc3aab-6c53-3a05-9743-cdf32240527b  |i 02c9a53c-2dbe-30e1-9ee3-58bcf375570f  |t 0 
952 f f |p normal  |a Texas A&M University  |b College Station  |c Policy Sciences & Economics Library  |d PSEL: Stacks  |t 0  |e JN94.A979 G766 2019  |h Library of Congress classification  |i unmediated -- volume  |m A14850990517 
998 f f |a JN94.A979 G766 2019  |t 0  |l PSEL: Stacks